Manual de bioestadística básica / (Registro nro. 44036)
[ vista simple ]
| 000 -LEADER | |
|---|---|
| fixed length control field | 01588nam a2200349 i 4500 |
| 001 - CONTROL NUMBER | |
| control field | 44036 |
| 003 - CONTROL NUMBER IDENTIFIER | |
| control field | Mx-PuUPA |
| 005 - DATE AND TIME OF LATEST TRANSACTION | |
| control field | 20260323120241.0 |
| 008 - FIXED-LENGTH DATA ELEMENTS--GENERAL INFORMATION | |
| fixed length control field | 140415s2018 sp a gr 001 0 spa d |
| 020 ## - INTERNATIONAL STANDARD BOOK NUMBER | |
| International Standard Book Number | 9781980574439 |
| 040 ## - CATALOGING SOURCE | |
| Transcribing agency | Mx-PuUPA |
| Original cataloging agency | Mx-PuUPA |
| Language of cataloging | spa |
| Modifying agency | Mx-PuUPA |
| Description conventions | rda |
| 041 0# - LANGUAGE CODE | |
| Language code of text/sound track or separate title | spa |
| 245 10 - TITLE STATEMENT | |
| Title | Manual de bioestadística básica / |
| Statement of responsibility, etc. | José Ramón Muñoz Rodríguez, autor y editor ; colaboradores José Manuel Pérez Ortiz, Miguel ángel de la Cruz Morcillo [y otros ocho), colaboradores |
| 250 ## - EDITION STATEMENT | |
| Edition statement | 1a. edición |
| 264 #1 - PRODUCTION, PUBLICATION, DISTRIBUTION, MANUFACTURE, AND COPYRIGHT NOTICE | |
| Place of production, publication, distribution, manufacture | Ciudad Real, España : |
| Name of producer, publisher, distributor, manufacturer | Unidad de Investigación Trasnacional, |
| Date of production, publication, distribution, manufacture, or copyright notice | 2018 |
| 300 ## - PHYSICAL DESCRIPTION | |
| Extent | xxvii, 137 páginas : |
| Other physical details | ilustraciones, gráficas (blanco y negro) ; |
| Dimensions | 23 cm |
| 336 ## - CONTENT TYPE | |
| Fuente | rdacontent |
| Content type term | texto |
| Content type code | txt |
| 337 ## - MEDIA TYPE | |
| Source | rdamedia |
| Media type term | sin medio |
| Media type code | n |
| 338 ## - CARRIER TYPE | |
| Source | rdacarrier |
| Carrier type term | volumen |
| Carrier type code | nc |
| 490 0# - SERIES STATEMENT | |
| Series statement | Colecciones de Manualkes de Investigación UIT |
| 650 #7 - SUBJECT ADDED ENTRY--TOPICAL TERM | |
| Source of heading or term | armarc |
| Topical term or geographic name entry element | Estadística vital |
| Form subdivision | Manual |
| 650 #7 - SUBJECT ADDED ENTRY--TOPICAL TERM | |
| Source of heading or term | armarc |
| Topical term or geographic name entry element | Estadística |
| 650 #7 - SUBJECT ADDED ENTRY--TOPICAL TERM | |
| Source of heading or term | armarc |
| Topical term or geographic name entry element | Estadística matemática |
| Form subdivision | Problemas y ejercicios |
| 700 1# - ADDED ENTRY--PERSONAL NAME | |
| Personal name | Muñoz Rodríguez, José Ramón |
| Relator term | autor |
| -- | editor |
| 9 (RLIN) | 17932 |
| 700 1# - ADDED ENTRY--PERSONAL NAME | |
| Personal name | Pérez Ortiz, José Manuel |
| Relator term | colaborador |
| 700 1# - ADDED ENTRY--PERSONAL NAME | |
| Personal name | Cruz Morcillo, Miguel Ángel de la, |
| Relator term | colaborador |
| 942 ## - ADDED ENTRY ELEMENTS (KOHA) | |
| Source of classification or shelving scheme | Dewey Decimal Classification |
| Koha item type | Libro |
| Classification part | 570.15195 |
| Item part | M26 |
| Withdrawn status | Lost status | Source of classification or shelving scheme | Damaged status | Not for loan | Collection code | Home library | Current library | Shelving location | Date acquired | Source of acquisition | Cost, normal purchase price | Total Checkouts | Full call number | Barcode | Date last seen | Cost, replacement price | Price effective from | Koha item type | Copy number |
|---|---|---|---|---|---|---|---|---|---|---|---|---|---|---|---|---|---|---|---|
| Dewey Decimal Classification | General | Biblioteca Karol Wojtyla | Biblioteca Karol Wojtyla | Sala general | 17/03/2026 | 2 | 362.28 | 570.15195 M26 2018 | 106337 | 07/04/2026 | 362.28 | 17/03/2026 | Libro | ||||||
| Dewey Decimal Classification | General | Biblioteca Karol Wojtyla | Biblioteca Karol Wojtyla | Sala general | 17/03/2026 | 2 | 362.28 | 570.15195 M26 2018 | 106338 | 07/04/2026 | 362.28 | 17/03/2026 | Libro | Ej.2 |